000 01227nac a22002891u 4500
003 EG-ScBUE
005 20220125101805.0
008 200219s1985 gr a f b 001 0aeng d
020 _a0820307521
040 _aEG-ScBUE
_beng
_erda
_cEG-ScBUE
_dEG-ScBUE
082 0 4 _a823.8
_bHAR
_222
100 1 _aHardy, Thomas,‏
_d1840-1928,
_eauthor.
_938810
245 1 4 _aThe life and work of Thomas Hardy /
_cby Thomas Hardy ; edited by Michael Millgate.
264 1 _aAthens :
_bThe University of Georgia Press,
_c1985.
300 _axxxvii, 604 pages, [16] pages of plates :
_billustrations ;
_c23 cm
336 _2rdacontent
_atext
_btxt
337 _2rdamedia
_aunmediated
_bn
338 _2rdacarrier
_avolume
_bnc
500 _a"An edition on new principles of the materials previously drawn upon for The early life of Thomas Hardy, 1840-1891, and The later years of Thomas Hardy, 1892-1928, published over the name of Florence Emily Hardy."
504 _aIncludes bibliographical references and index.
650 7 _aAuthors, English
_y19th century
_xBiography.
_2BUEsh
651 _2BUEsh
653 _bHHUUEENN
_cJanuary2021
655 _vReading book
_934232
700 1 _aMillgate, Michael,
_eeditor.
942 _cBB
_2ddc
999 _c7411
_d7411